Natural rubber and the synthetics
Contents: 1. Introduction; 2. Historical evolution; 3. Natural rubber production; 4. Synthetic rubber production;... .
Gardado en:
| Autor Principal: | |
|---|---|
| Formato: | Libro |
| Idioma: | Undetermined |
| Publicado: |
London
Crosby Lockwood
1972
|
| Những chủ đề: | |
| Các nhãn: |
Engadir etiqueta
Sen Etiquetas, Sexa o primeiro en etiquetar este rexistro!
|
| Thư viện lưu trữ: | Trung tâm Học liệu Trường Đại học Cần Thơ |
|---|
| LEADER | 00659nam a2200193Ia 4500 | ||
|---|---|---|---|
| 001 | CTU_226868 | ||
| 008 | 210402s9999 xx 000 0 und d | ||
| 082 | |a 338.47678 | ||
| 082 | |b A425 | ||
| 100 | |a Allen, Peter William | ||
| 245 | 0 | |a Natural rubber and the synthetics | |
| 245 | 0 | |c P. W. Allen | |
| 260 | |a London | ||
| 260 | |b Crosby Lockwood | ||
| 260 | |c 1972 | ||
| 520 | |a Contents: 1. Introduction; 2. Historical evolution; 3. Natural rubber production; 4. Synthetic rubber production;... . | ||
| 650 | |a Ngành cao su và thương mại,Rubber industry and trade | ||
| 910 | |b nthai | ||
| 980 | |a Trung tâm Học liệu Trường Đại học Cần Thơ | ||